• 首页
  • 本馆介绍
  • 公告通知
  • 最新文献
  • 馆藏检索
  • 电子资源
  • 读者导购
  • 参考咨询
  • 我的图书馆
  • 登录
  • 详细信息显示
  • 放入我的书架
  • 预约/预借图书
  • 作者相关作品
  • 分类相关作品
  • 丛书相关作品
  • 出版社相关作品

书目信息

  • 表格格式
  • 工作单格式
  • 卡片格式
题名:
视觉美食家
    
 
作者: 路杨 著
分册:  
出版信息: 北京   电子工业出版社  2019.11
页数: 255页
开本: 26cm
丛书名: 有艺
单 册:
中图分类: J412.9
科图分类:
主题词: 饮食--商业摄影--摄影艺术
电子资源:
ISBN: 978-7-121-37155-4
000 01054nam0 2200289 45
001 012001001234
005 20130911080750.0
010    @a978-7-121-37155-4@dCNY99.00
099    @aCAL 012019154343
100    @a20190926d2019 em y0chiy0110 ea
101 0  @achi
102    @aCN@b110000
105    @aa z 000yy
106    @ar
200 1  @a视觉美食家@Ashi jue mei shi jia@e路小五的商业美食摄影详解@f路杨著
210    @a北京@c电子工业出版社@d2019.11
215    @a255页@c彩图@d26cm
225 2  @a有艺@Ayou yi
300    @a其他题名:路小五的商业美食摄影详解
330    @a这是一本带你走向职业美食摄影之路的书。在书中, 作者用丰富的拍摄经验, 详细分解商业美食摄影中食材选择、食物造型、布光、构图和后期的奥秘, 涵盖果蔬、生食、熟食、甜点、饮品等食品类别, 让高端的商业美食摄影不再神秘。本书适合热爱美食摄影的读者阅读。
461  0 @12001 @a有艺
517 1  @a路小五的商业美食摄影详解
606 0  @a饮食@x商业摄影@x摄影艺术
690    @aJ412.9@v5
701  0 @a路杨@Alu yang@4著
801    @aCN@b江苏凤凰@c20211018
905    @b1342711-3@dJ412.9@e442@f3
    
    视觉美食家:路小五的商业美食摄影详解/路杨著.-北京:电子工业出版社,2019.11
    255页:彩图;26cm.-(有艺)
    其他题名:路小五的商业美食摄影详解
    
    ISBN 978-7-121-37155-4:CNY99.00
    这是一本带你走向职业美食摄影之路的书。在书中, 作者用丰富的拍摄经验, 详细分解商业美食摄影中食材选择、食物造型、布光、构图和后期的奥秘, 涵盖果蔬、生食、熟食、甜点、饮品等食品类别, 让高端的商业美食摄影不再神秘。本书适合热爱美食摄影的读者阅读。
●
相关链接 在E读中查询图书 在五车中查询图书 在当当中查询图书 在豆瓣中查询图书


正题名:视觉美食家     索取号:J412.9/442         预约/预借

序号 登录号 条形码 馆藏地/架位号 状态 备注
1 1342711   213427111   第一样本阅览室/ [索取号:J412.9/442] 在馆    
2 1342712   213427120   第一借阅区/ [索取号:J412.9/442] 在馆    
3 1342713   213427139   第一借阅区/ [索取号:J412.9/442] 在馆    
唐山师范学院图书馆 欢迎您!
大连网信软件有限公司© 版权所有